header

The liberal-republican quandary in Israel, Europe, and the United States (Record no. 61268)

MARC details
000 -LEADER
fixed length control field 01458nam a2200349Ia 4500
245 04 - TITLE STATEMENT
Title The liberal-republican quandary in Israel, Europe, and the United States
260 ## - PUBLICATION, DISTRIBUTION, ETC. (IMPRINT)
Place of publication Brighton, MA :
Name of publisher Academic Studies Press,
Year of publication c2012.
300 ## - PHYSICAL DESCRIPTION
Number of Pages 286 p.
490 1# - SERIES STATEMENT
Series statement Israel, society, culture and history
650 #0 - SUBJECT ADDED ENTRY--TOPICAL TERM
Topical Term Political science
Topical Term Political science
700 1# - ADDED ENTRY--PERSONAL NAME
Personal name Maissen, Thomas,
Personal name Oz-Salzberger, Fania.
856 40 - ELECTRONIC LOCATION AND ACCESS
Uniform Resource Identifier http://site.ebrary.com/lib/rucke/Doc?id=10666336

No items available.

© 2026 Rongo University
Contact us: librarian | system librarian | Rongo university